[Event "AUTO-ADV-1461"]
[Site "http://www.queenalice.com/game.php?id=725945"]
[Date "2010.2.4"]
[Round "2"]
[White "trolldetroy"]
[Black "MalucoO"]
[Result "0-1"]
[WhiteElo "1933"]
[BlackElo "2310"]

1. e4 c5 2. f4 e5 3. Nf3 d6 4. Bb5+ Bd7 5. Bxd7+ Nxd7 6. d3 Be7 7. O-O Ngf6 8.
Nc3 O-O 9. f5 Qb6 10. b3 c4+ 11. Kh1 cxd3 12. Qxd3 Rac8 13. Na4 Qc6 14. Rf2 b5
15. Nb2 Nxe4 16. Re2 Nc3 17. Re1 e4 18. Nd4 Qc5 19. Qd2 Bf6 20. Ne2 Qxf5 21. Ng3
Qc5 22. Nxe4 Nxe4 23. Rxe4 Qxc2 24. Qxc2 Rxc2 25. Rb1 Rfc8 26. Nd3 Ne5 27. Bf4
Nxd3 28. g4 Nf2+ 0-1

[Event "AUTO-MASTER-901"]
[Site "http://www.queenalice.com/game.php?id=727103"]
[Date "2010.2.6"]
[Round "2"]
[White "killtochess"]
[Black "MalucoO"]
[Result "0-1"]
[WhiteElo "2188"]
[BlackElo "2252"]

1. d4 Nf6 2. Bg5 Ne4 3. h4 c5 4. d5 Qb6 5. Qc1 c4 6. e3 Qa5+ 7. Nd2 Nxg5 8. hxg5
Qxd5 9. Bxc4 Qxg2 10. Ndf3 Qxh1 11. e4 e6 12. Qf4 Nc6 13. O-O-O Qh5 14. Ne2 Be7
15. e5 h6 16. gxh6 Qxh6 0-1

[Event "AUTO-MASTER-901"]
[Site "http://www.queenalice.com/game.php?id=727104"]
[Date "2010.2.6"]
[Round "2"]
[White "MalucoO"]
[Black "killtochess"]
[Result "1-0"]
[WhiteElo "2262"]
[BlackElo "2153"]

1. e4 d6 2. d4 Nf6 3. Nc3 g6 4. Bg5 Bg7 5. Qd2 O-O 6. f4 c5 7. d5 a6 8. a4 h6 9.
Bh4 Qc7 10. Nf3 Bg4 11. Be2 Nbd7 12. O-O c4 13. h3 Bxf3 14. Bxf3 Qb6+ 15. Bf2
Nc5 16. a5 Qc7 17. Bd4 e6 18. e5 Nxd5 19. Bxd5 exd5 20. Nxd5 Qd8 21. Rad1 Ne4
22. Qe3 dxe5 23. Bb6 Qh4 24. Qxe4 f5 25. Qxc4 Kh7 26. Bf2 Qh5 27. fxe5 1-0

[Event "AUTO-MASTER-901"]
[Site "http://www.queenalice.com/game.php?id=727107"]
[Date "2010.2.6"]
[Round "2"]
[White "MalucoO"]
[Black "Odie_Spud"]
[Result "1-0"]
[WhiteElo "2271"]
[BlackElo "2317"]

1. e4 e5 2. Nf3 Nc6 3. Bb5 a6 4. Bxc6 dxc6 5. d4 exd4 6. Qxd4 Qxd4 7. Nxd4 Bd7
8. Be3 O-O-O 9. Nd2 c5 10. Ne2 b6 11. f3 Ne7 12. Kf2 Nc6 13. a3 Be7 14. Rhd1 Bf6
15. Rab1 Rhe8 16. Nf4 Nd4 17. Rbc1 Ne6 18. Nxe6 Bxe6 19. c3 Rd3 20. Nf1 Red8 21.
Rxd3 Rxd3 22. Ng3 Bh4 23. Ke2 Rd6 24. Bf4 Bxg3 25. Bxg3 Rd8 26. c4 f5 27. Ke3 g5
28. Be5 c6 29. b3 fxe4 30. fxe4 g4 31. a4 a5 32. Rf1 Kd7 33. Rf2 b5 34. Rd2+ Kc8
35. Rxd8+ Kxd8 36. Kd3 Kd7 37. Bb8 bxa4 38. bxa4 h5 39. Bg3 Bf7 40. Be1 Kd6 41.
Bxa5 Be6 42. Bb6 h4 43. a5 Bc8 44. Bd8 h3 45. g3 Bb7 46. Bb6 Ba6 47. Ba7 Bc8 48.
Ke3 Ba6 49. Kf4 Bxc4 50. Kxg4 Bf1 51. Kf5 1-0

[Event "AUTO-MASTER-901"]
[Site "http://www.queenalice.com/game.php?id=727108"]
[Date "2010.2.6"]
[Round "2"]
[White "Odie_Spud"]
[Black "MalucoO"]
[Result "1/2-1/2"]
[WhiteElo "2304"]
[BlackElo "2298"]

1. e4 c5 2. Nf3 e6 3. d4 cxd4 4. Nxd4 Nf6 5. Nc3 Nc6 6. Ndb5 Bb4 7. a3 Bxc3+ 8.
Nxc3 d5 9. exd5 exd5 10. Bd3 O-O 11. O-O Bg4 12. f3 Be6 13. Bg5 Qb6+ 14. Kh1 Nd7
15. f4 f5 16. Bb5 Rae8 17. b3 Qc5 18. Qd3 a6 19. Bxc6 Qxc6 20. Ne2 Nc5 21. Nd4
Nxd3 22. Nxc6 bxc6 23. cxd3 d4 24. b4 Bd5 25. Rfe1 Re3 26. Rxe3 dxe3 27. Re1 Re8
28. Kg1 Kf7 29. Kf1 h6 30. Bh4 Kg6 31. Bf2 e2+ 32. Rxe2 Bxg2+ 33. Ke1 Rxe2+ 34.
Kxe2 Kh5 35. Be3 Kg4 36. Kf2 Bd5 37. Bd4 g5 38. Be3 Kh4 39. fxg5 hxg5 40. Bc5
Kg4 41. Be7 f4 42. Bf6 Kf5 43. Be7 Bb3 44. Ke2 Ba2 45. Kf3 Bb1 46. Ke2 g4 47.
Bd6 Bc2 48. Bc5 Bb3 49. Bd6 Be6 50. Bc7 Bd5 51. Bb8 Kg5 52. Be5 Kf5 53. Bb8 Bb3
54. Kf2 f3 55. Bg3 Be6 56. Ke3 Bb3 57. Kf2 Bc2 58. Ke3 Bb3 1/2-1/2

[Event "AUTO-OPEN-1712"]
[Site "http://www.queenalice.com/game.php?id=731593"]
[Date "2010.2.14"]
[Round "2"]
[White "deltaboy"]
[Black "MalucoO"]
[Result "0-1"]
[WhiteElo "2235"]
[BlackElo "2312"]

1. e4 c5 2. Nf3 e6 3. c3 d6 4. Bb5+ Bd7 5. Bxd7+ Nxd7 6. O-O Ngf6 7. Re1 Qc7 8.
d4 Be7 9. Bg5 h6 10. Bf4 Qb6 11. b3 cxd4 12. cxd4 d5 13. e5 Ne4 14. a3 Rc8 15.
Re2 O-O 16. Rb2 Rc6 17. Be3 Rfc8 18. g3 a6 19. Nfd2 Rc1 20. Qxc1 Rxc1+ 21. Nf1
Rd1 22. a4 Qb4 23. Kg2 Qe1 0-1

[Event "AUTO-OPEN-1712"]
[Site "http://www.queenalice.com/game.php?id=731594"]
[Date "2010.2.14"]
[Round "2"]
[White "MalucoO"]
[Black "deltaboy"]
[Result "1-0"]
[WhiteElo "2322"]
[BlackElo "2190"]

1. e4 Nc6 2. Nf3 e5 3. Bb5 a6 4. Bxc6 dxc6 5. d4 exd4 6. Qxd4 Qd6 7. Be3 Bg4 8.
Nbd2 c5 9. Qc3 b6 10. Ne5 Be6 11. O-O-O Qe7 12. Rhe1 f6 13. Nef3 O-O-O 14. e5
Qf7 15. Ne4 Bd5 16. Bf4 Be7 17. Qe3 g5 18. Bg3 g4 19. exf6 Nxf6 20. Neg5 Qf8 21.
Qxe7 Rd7 22. Qxf8+ Rxf8 23. Ne5 Rg7 24. Rxd5 Nxd5 25. Ne6 Rfg8 26. Nxg7 Rxg7 27.
c4 Nf6 28. Bh4 1-0

[Event "AUTO-OPEN-1712"]
[Site "http://www.queenalice.com/game.php?id=731597"]
[Date "2010.2.14"]
[Round "2"]
[White "doomedbr"]
[Black "MalucoO"]
[Result "0-1"]
[WhiteElo "2223"]
[BlackElo "2322"]

1. e4 c5 2. Nf3 e6 3. d4 cxd4 4. Nxd4 Nf6 5. Nc3 Nc6 6. Ndb5 d6 7. Be3 a6 8. Nd4
Qc7 9. Be2 Be7 10. O-O b5 11. Nxc6 Qxc6 12. Bf3 e5 13. a4 b4 14. Nd5 Nxd5 15.
exd5 Qb7 16. Qd3 f5 17. Rae1 O-O 18. Qb3 a5 19. Bd2 Bf6 20. Bh5 f4 21. Kh1 Qc7
22. Re4 Bf5 23. Rc4 Qa7 24. Bf3 Rac8 25. Be4 Rxc4 26. Qxc4 Rc8 27. Qd3 Bxe4 28.
Qxe4 Qd4 29. Qxd4 exd4 30. Rc1 Be5 31. b3 Rc5 32. g3 f3 33. Kg1 Rxd5 34. Rd1 Rc5
35. Rc1 d3 36. cxd3 Rd5 37. Bg5 Rxd3 38. Rb1 Bd4 39. Bf4 d5 40. h3 Bb6 41. h4
Kf7 42. Kf1 Rc3 43. Rb2 Ke6 44. Ke1 Kf5 45. Kd1 Rd3+ 46. Ke1 Bd4 47. Rb1 Rc3 48.
Bd2 Rc2 49. Kd1 Ra2 50. Ke1 Ke4 51. Rd1 Bc3 52. g4 Bxd2+ 53. Rxd2 Ra1+ 54. Rd1
Rxd1+ 55. Kxd1 Kd3 0-1

[Event "AUTO-OPEN-1712"]
[Site "http://www.queenalice.com/game.php?id=731598"]
[Date "2010.2.14"]
[Round "2"]
[White "MalucoO"]
[Black "doomedbr"]
[Result "1/2-1/2"]
[WhiteElo "2302"]
[BlackElo "2223"]

1. e4 e5 2. Nf3 Nc6 3. Bb5 a6 4. Bxc6 dxc6 5. d4 exd4 6. Qxd4 Qxd4 7. Nxd4 Nf6
8. f3 Bd6 9. Be3 Bd7 10. Nd2 b5 11. Kf2 O-O 12. Rad1 c5 13. N4b3 c4 14. Nd4 Rfe8
15. Ne2 Rab8 16. g4 Rbd8 17. h4 Bc6 18. h5 Be5 19. g5 Nd7 20. Bd4 Bd6 21. a4 Ne5
22. axb5 axb5 23. h6 g6 24. Ra1 Re6 25. Rhg1 Bb4 26. Rgd1 Be7 27. Kg3 f6 28. Ra6
Red6 29. f4 Nd7 30. e5 fxe5 31. fxe5 Nb8 32. Rxc6 Rxc6 33. Ne4 Ra6 34. Re1 Nc6
35. c3 Rf8 36. Nf4 Rf5 37. Nf6+ Kh8 38. Kg4 Nxd4 39. cxd4 Bb4 40. Re2 Ra1 41.
N6d5 Rg1+ 42. Ng2 Bf8 43. Nxc7 Be7 44. Ne6 Kg8 45. d5 Rxe5 46. Rxe5 Rxg2+ 47.
Kf3 Rxb2 48. Nd8 Rb3+ 49. Ke2 Kf8 50. Nb7 Rb2+ 51. Ke3 Rb1 52. Kf2 Ba3 53. d6
Rd1 54. Ke2 Rd4 55. Ke3 Rd3+ 56. Ke2 Bxd6 57. Nxd6 Rxd6 58. Rxb5 Ke7 59. Rc5 Rd7
60. Kf3 Rd4 61. Ke3 Rg4 62. Kf3 Kd6 63. Ra5 Rh4 64. Ke3 1/2-1/2

[Event "AUTO-ADV-1448"]
[Site "http://www.queenalice.com/game.php?id=737391"]
[Date "2010.2.25"]
[Round "2"]
[White "snebur1956"]
[Black "MalucoO"]
[Result "1-0"]
[WhiteElo "2240"]
[BlackElo "2316"]

1. e4 c5 2. Nf3 e6 3. d4 cxd4 4. Nxd4 Nf6 5. Nc3 Nc6 6. Nxc6 bxc6 7. e5 Nd5 8.
Nxd5 cxd5 9. c3 d6 10. Bf4 dxe5 11. Bxe5 f6 12. Bg3 Qb6 13. Qc2 e5 14. Bd3 Rb8
15. b3 g6 16. h4 Qc7 17. Rd1 Bd6 18. h5 g5 19. O-O Bg4 20. Be2 Be6 21. Bf3 Rb5
22. b4 Rxb4 23. Bxd5 Bg4 24. Rd2 Rb6 25. h6 a6 26. Rb1 Rxb1+ 27. Qxb1 Qxc3 28.
Rc2 Qd4 29. Qb7 Bd7 30. Qa8+ Ke7 31. Qxh8 Qd1+ 32. Kh2 Qh5+ 33. Kg1 Qd1+ 34. Kh2
Qh5+ 35. Bh4 e4+ 36. g3 gxh4 37. Qxh7+ Kd8 38. Qg8+ Ke7 39. Qf7+ Qxf7 40. Bxf7
Kxf7 41. h7 Kg7 42. Rd2 Bxg3+ 43. fxg3 Bb5 44. Rd4 hxg3+ 45. Kxg3 Kxh7 46. Rxe4
Kg6 47. Kf4 a5 48. a3 a4 49. Rd4 Be8 50. Ke4 Bc6+ 51. Kd3 Kg5 52. Rd6 Be8 53.
Rd5+ f5 54. Kd4 Kf4 55. Rc5 Bh5 56. Rc2 Bd1 57. Rc4 Bb3 58. Rc1 Kg3 59. Ke5 f4
60. Ke4 f3 61. Ke3 Kg2 62. Rc6 Bd1 63. Rc5 1-0

[Event "AUTO-ADV-1448"]
[Site "http://www.queenalice.com/game.php?id=737392"]
[Date "2010.2.25"]
[Round "2"]
[White "MalucoO"]
[Black "snebur1956"]
[Result "0-1"]
[WhiteElo "2331"]
[BlackElo "2225"]

1. e4 e5 2. Nf3 Nc6 3. Bb5 a6 4. Bxc6 dxc6 5. d4 exd4 6. Qxd4 Qxd4 7. Nxd4 Bd6
8. Be3 Ne7 9. Nd2 c5 10. Ne2 Be6 11. f3 f6 12. Kf2 O-O-O 13. a3 Nc6 14. Nf1 Be5
15. c3 b6 16. Nfg3 Kb7 17. Rhd1 Bd6 18. Nf4 Bb3 19. Rd2 Bxf4 20. Bxf4 Rxd2+ 21.
Bxd2 Ne5 22. Ke2 Bc4+ 23. Kd1 Rd8 24. b4 Bb5 25. Ra2 cxb4 26. axb4 g6 27. Kc2
Bd3+ 28. Kc1 h5 29. h4 Bc4 30. Ra3 c5 31. bxc5 Nd3+ 32. Kc2 Nxc5 33. Be3 Kc6 34.
Bd4 Rd6 35. Kd2 a5 36. Ke3 Nb3 37. f4 Re6 38. f5 gxf5 39. Nxf5 Nc5 40. Bxc5 Kxc5
41. Ng3 Re5 42. Nf5 Bf7 43. Kf4 Be8 44. Ng3 Kc4 45. Nh1 Rb5 46. Nf2 Rb3 47. Ra1
Kxc3 48. g4 Kb2 49. Rg1 hxg4 50. Rg2 Ka3 51. Nxg4 Rh3 52. Nxf6 Rxh4+ 53. Kg5 Rh8
54. e5 a4 55. e6 b5 56. Rg3+ Kb4 57. Rg4+ Kc5 58. Nxe8 Rxe8 59. Kf6 b4 60. Kf7
Rxe6 61. Kxe6 b3 62. Rg5+ Kc6 63. Rg4 b2 64. Rc4+ Kb5 65. Rc8 Kb4 66. Kd5 a3 67.
Rb8+ Kc3 68. Ra8 Kb3 69. Rb8+ Ka2 0-1

[Event "AUTO-MASTER-940"]
[Site "http://www.queenalice.com/game.php?id=756592"]
[Date "2010.4.5"]
[Round "2"]
[White "rheenz"]
[Black "MalucoO"]
[Result "1-0"]
[WhiteElo "2435"]
[BlackElo "2330"]

1. e4 c5 2. Nf3 e6 3. d4 cxd4 4. Nxd4 Nf6 5. Nc3 Nc6 6. Ndb5 d6 7. Bf4 e5 8. Be3
Be6 9. Nd5 Rc8 10. Nxf6+ gxf6 11. c4 f5 12. exf5 Bxf5 13. Bd3 e4 14. Be2 a6 15.
Nc3 Bg7 16. O-O Bxc3 17. bxc3 Qf6 18. Rb1 Rc7 19. f3 Qxc3 20. Rb3 Qe5 21. Rf2
Rd7 22. fxe4 Bxe4 23. Bf4 Qc5 24. Rg3 Ne5 25. Bg5 f5 26. Qd2 Ng6 27. Bf6 Rf8 28.
Bd4 Qc6 29. Rc3 Rg8 30. Qh6 Kd8 31. c5 d5 32. Rb3 Qa4 33. Qd2 Ne7 34. Bd1 Qc4
35. Rc3 Qb4 36. a3 Qa5 37. c6 bxc6 38. Qb2 Nc8 39. Bf6+ Kc7 40. Qd2 Qb5 41. Rb3
Qc4 42. a4 a5 43. Be5+ Kd8 44. Rb8 Qd3 45. Qc1 1-0

[Event "AUTO-MASTER-940"]
[Site "http://www.queenalice.com/game.php?id=756593"]
[Date "2010.4.5"]
[Round "2"]
[White "MalucoO"]
[Black "rheenz"]
[Result "0-1"]
[WhiteElo "2321"]
[BlackElo "2441"]

1. e4 c5 2. Nf3 Nc6 3. d4 cxd4 4. Nxd4 Nf6 5. Nc3 d6 6. Bg5 e6 7. Qd2 Be7 8. f4
a6 9. O-O-O O-O 10. Be2 Bd7 11. Kb1 Qb6 12. Nf3 Rad8 13. e5 dxe5 14. fxe5 Ng4
15. Bxe7 Nxe7 16. Qg5 Nd5 17. Nxd5 exd5 18. Rd4 Nxe5 19. Qxe5 Rfe8 20. Qxd5 Bb5
21. Qf5 Bxe2 22. Rxd8 Rxd8 23. Ng5 Qg6 24. Qxg6 hxg6 25. b3 Bb5 26. Re1 f6 27.
Nf3 g5 28. h3 Bc6 29. Kc1 Bxf3 30. gxf3 Rd4 31. Rg1 Rh4 32. Rg3 Kh7 33. c4 Kg6
34. Kd2 f5 35. Kd3 f4 36. Rg2 Rxh3 37. Ke4 Rh8 38. Kd5 Kf5 39. Kd6 Rh3 40. Kc7
Rxf3 41. Kxb7 Rc3 42. Kb6 f3 43. Rf2 g4 44. c5 g3 0-1

[Event "yo_soy_lo_mejor"]
[Site "http://www.queenalice.com/game.php?id=775303"]
[Date "2010.5.14"]
[Round "2"]
[White "MalucoO"]
[Black "Ditto"]
[Result "1-0"]
[WhiteElo "2317"]
[BlackElo "1755"]

1. e4 e5 2. Nf3 Nc6 3. Bb5 Bc5 4. c3 Nf6 5. O-O O-O 6. d4 Bb6 7. Bg5 d6 8. Bxc6
bxc6 9. dxe5 dxe5 10. Qxd8 Rxd8 11. Nxe5 Nxe4 12. Bxd8 Ba6 13. Bh4 f6 14. Re1
Nd6 15. Nxc6 Bb7 16. Nd4 a6 17. Nd2 Bd5 18. Bg3 Bf7 19. Bxd6 cxd6 20. Ne4 d5 21.
Nd6 Bg6 22. Rad1 Bf7 23. N4f5 Bc7 24. Nxf7 Kxf7 25. Re7+ Kg6 26. g4 Bxh2+ 27.
Kxh2 Kg5 28. Rxg7+ Kf4 29. Rd4+ Ke5 30. Re7# 1-0

[Event "AUTO-ADV-1465"]
[Site "http://www.queenalice.com/game.php?id=801253"]
[Date "2010.7.10"]
[Round "2"]
[White "reghini"]
[Black "MalucoO"]
[Result "0-1"]
[WhiteElo "1767"]
[BlackElo "2321"]

1. e4 c5 2. Nc3 Nc6 3. Bb5 e5 4. Bxc6 bxc6 5. Nf3 d6 6. d3 f5 7. exf5 Bxf5 8.
O-O Be7 9. Ne1 Nf6 10. f4 exf4 11. Bxf4 O-O 12. Kh1 Bg4 13. Qd2 Nh5 14. Nf3 Nxf4
15. Qe3 Qd7 16. Rae1 Rae8 17. Ne4 Nd5 18. Qe2 Bh4 19. Qd2 Bxe1 20. Qxe1 Bxf3 21.
Rxf3 Rxf3 0-1

[Event "AUTO-ADV-1465"]
[Site "http://www.queenalice.com/game.php?id=801254"]
[Date "2010.7.10"]
[Round "2"]
[White "MalucoO"]
[Black "reghini"]
[Result "1-0"]
[WhiteElo "2319"]
[BlackElo "1796"]

1. e4 e5 2. Nf3 d6 3. d4 Bg4 4. dxe5 Bxf3 5. Qxf3 dxe5 6. Bc4 Nf6 7. Qb3 Qd7 8.
Qxb7 Bc5 9. Qxa8 Bxf2+ 10. Kxf2 Ng4+ 11. Ke1 O-O 12. Qd5 Qe7 13. Nc3 c6 14. Qd3
Rd8 15. Qg3 Nf6 16. Bg5 Nbd7 17. Rd1 Nc5 18. Rxd8+ Qxd8 19. Bxf6 Qxf6 20. Rf1
Qg6 21. Bxf7+ Qxf7 22. Rxf7 1-0

[Event "AUTO-ADV-1465"]
[Site "http://www.queenalice.com/game.php?id=801255"]
[Date "2010.7.10"]
[Round "2"]
[White "Nille"]
[Black "MalucoO"]
[Result "0-1"]
[WhiteElo "1884"]
[BlackElo "2320"]

1. e4 c5 2. Nf3 e6 3. d4 cxd4 4. Nxd4 Nf6 5. e5 Qa5+ 6. Nc3 Qxe5+ 7. Be2 Nc6 8.
Nxc6 bxc6 9. O-O Bb4 10. Bd2 d5 11. a3 Bd6 12. f4 Qd4+ 13. Kh1 Rb8 14. Qc1 Qb6
15. b4 Qc7 16. h3 Bd7 17. Bd3 c5 18. Na2 c4 19. Be2 Ne4 20. Rf3 d4 21. Qd1 Ba4
22. Rc1 d3 23. Bxd3 cxd3 24. Bc3 Bxc2 25. Rxc2 dxc2 26. Qxc2 f5 27. Qa4+ Kf7 28.
Bd4 Rhd8 29. Nc3 Bxf4 30. Nxe4 Rxd4 31. Nc5 Qxc5 32. g3 Qd5 33. Qb3 Rd1+ 34. Kg2
Rd2+ 35. Kg1 Qd4+ 36. Kh1 Qa1+ 0-1

[Event "AUTO-ADV-1465"]
[Site "http://www.queenalice.com/game.php?id=801256"]
[Date "2010.7.10"]
[Round "2"]
[White "MalucoO"]
[Black "Nille"]
[Result "1-0"]
[WhiteElo "2318"]
[BlackElo "1875"]

1. e4 e5 2. Nf3 d6 3. d4 exd4 4. Nxd4 h6 5. c4 Nf6 6. Nc3 Be7 7. Be2 Bd7 8. O-O
O-O 9. Be3 a6 10. f4 c5 11. Nc2 Nc6 12. Bf3 Na7 13. e5 dxe5 14. fxe5 Nh7 15.
Bxb7 Rb8 16. Qf3 Qb6 17. Nd5 Qe6 18. Nxe7+ Qxe7 19. b3 Be6 20. Bd5 Bxd5 21. cxd5
Qxe5 22. Bxc5 Nb5 23. Rae1 Qb2 24. Nb4 Nd4 25. Qe3 Rxb4 26. Bxb4 Nc2 27. Qd2 Rc8
28. d6 Qxa2 29. d7 Rf8 30. Bxf8 Nxf8 31. d8=Q 1-0

[Event "AUTO-OPEN-1712"]
[Site "http://www.queenalice.com/game.php?id=849873"]
[Date "2010.10.23"]
[Round "3"]
[White "MalucoO"]
[Black "Tsol"]
[Result "0-1"]
[WhiteElo "2296"]
[BlackElo "2563"]

1. b4 Nf6 2. Bb2 e6 3. b5 a6 4. a4 d5 5. e3 Bd6 6. Nf3 O-O 7. Be2 axb5 8. axb5
Rxa1 9. Bxa1 Nbd7 10. d4 Nb6 11. O-O Bd7 12. Nbd2 Qe7 13. Qb1 Ra8 14. c4 dxc4
15. Nxc4 Nxc4 16. Bxc4 Nd5 17. e4 Ra3 18. exd5 Rxf3 19. dxe6 Bxe6 20. Bxe6 Qxe6
21. Re1 Rb3 22. Qc1 Qd7 0-1

[Event "AUTO-OPEN-1712"]
[Site "http://www.queenalice.com/game.php?id=849874"]
[Date "2010.10.23"]
[Round "3"]
[White "Tsol"]
[Black "MalucoO"]
[Result "1-0"]
[WhiteElo "2560"]
[BlackElo "2300"]

1. e4 e5 2. Nf3 Qe7 3. Bc4 h6 4. O-O d6 5. Nc3 c6 6. d4 Bg4 7. dxe5 dxe5 8. h3
Bh5 9. Be3 g5 10. Be2 Nf6 11. Rb1 Bg7 12. Nd2 Bg6 13. Nc4 O-O 14. Qd6 Qxd6 15.
Nxd6 b6 16. Nf5 Re8 17. Nxg7 Kxg7 18. f3 Nbd7 19. Rbd1 Rac8 20. a4 Rc7 21. Bc4
Re7 22. a5 1-0

[Event "yo_soy_lo_mejor"]
[Site "http://www.queenalice.com/game.php?id=856716"]
[Date "2010.11.9"]
[Round "3"]
[White "RIVAS"]
[Black "MalucoO"]
[Result "1-0"]
[WhiteElo "2234"]
[BlackElo "2292"]

1. d4 Nf6 2. c4 c5 3. Nf3 g6 4. g3 Bg7 5. Bg2 O-O 6. O-O cxd4 7. Nxd4 Nc6 8. Nc3
Qb6 9. Nb3 Qb4 10. c5 Na5 11. Nxa5 Qxa5 12. Qd4 d6 13. cxd6 Ne8 14. Qd3 Nxd6 15.
Nd5 Nf5 16. Bd2 Qd8 17. Bc3 e6 18. Bxg7 Kxg7 19. Qc3+ f6 20. Nc7 Rb8 21. Rfd1
Qe7 22. Nb5 a6 23. Nd4 e5 24. Nb3 b6 25. e4 Nd6 26. Qb4 Rd8 27. Rac1 Be6 28. Qa3
Rd7 29. Rd2 Nc4 30. Rxd7 Qxd7 31. Qxa6 Rc8 32. Bf1 Qc6 33. Nd2 Ra8 34. Rxc4 Bxc4
35. Qxc4 Qd7 36. Nf3 Rc8 37. Qd3 Qc6 38. Bh3 Ra8 39. a3 Ra7 40. Kg2 Rc7 41. Qd8
Rf7 42. a4 Rf8 43. Qd7+ Qxd7 44. Bxd7 Rd8 45. Be6 Rd1 46. g4 Kf8 47. g5 Kg7 48.
Bd5 h6 49. h4 Ra1 50. b3 Rd1 51. gxf6+ Kxf6 52. Nh2 h5 53. Nf1 g5 54. hxg5+ Kxg5
55. Ne3 Ra1 56. Nc4 Kf4 57. Nxb6 h4 58. Nd7 Rc1 59. b4 1-0